000 00605nam a2200205Ia 4500
005 20250508165131.0
008 008 250505s9999 xx 000 0 eng d
020 _a81-902094-6-9
037 _aTextual
040 _aFEDL
_beng
_cFEDL
041 _aeng
_2eng
084 _a294-5, THA
_qFEDL
100 _aThapar Romila
245 0 _aImagined religious communities?: Ancient history and the modern search for a hindu identity
260 _aNew Delhi, India
_bCritical Quest
_c1998
300 _a32p.
365 _aINR
_b200
942 _cTEXL
_h294-5, THA
999 _c1393337
_d1393337